Managerial Economics: (Record no. 9996)

MARC details
000 -LEADER
fixed length control field 00451nam a22001577a 4500
005 - DATE AND TIME OF LATEST TRANSACTION
control field 20260306045152.0
008 - FIXED-LENGTH DATA ELEMENTS--GENERAL INFORMATION
fixed length control field 240905b |||||||| |||| 00| 0 eng d
020 ## - INTERNATIONAL STANDARD BOOK NUMBER
International Standard Book Number 9788127236878
082 ## - DEWEY DECIMAL CLASSIFICATION NUMBER
Classification number 338.5
100 ## - MAIN ENTRY--PERSONAL NAME
Personal name Kaushal T.L.
245 ## - TITLE STATEMENT
Title Managerial Economics:
Remainder of title (For M.Com. Students of H.P., M.D & Kurukshetra Universities)
250 ## - EDITION STATEMENT
Edition statement 1st ed.
260 ## - PUBLICATION, DISTRIBUTION, ETC.
Place of publication, distribution, etc. New Delhi;
Name of publisher, distributor, etc. Kalyani Publisher,
Date of publication, distribution, etc. 2002
300 ## - PHYSICAL DESCRIPTION
Extent 432 p.;
Dimensions 24 Cm
942 ## - Added entry Elements (Koha)
Source of classification or shelving scheme Dewey Decimal Classification
Koha item type Main
Holdings
Withdrawn status Lost status Source of classification or shelving scheme Damaged status Not for loan Collection code Home library Current library Shelving location Date acquired Serial Enumeration / chronology Total Checkouts Full call number Barcode Date last seen Price effective from Koha item type Public note
    Dewey Decimal Classification     Main TEST RTC Library RTC Library Main opac 05/09/2024 18772   338.5 KAU 30019862 05/09/2024 05/09/2024 Main Donated by Madam Ngawang
Royal Thimphu College || All Right Reserved